000 01563nam a2200373 i 4500
001 000008552
003 DO-SdBNP
005 20251027102241.0
007 ta
008 090917s2006 dr a 000 0 spa d
020 _a9993499781
040 _aDO-SdBNP
_bspa
_cBNPHU
_erda
041 _aspa
082 4 _a972.9
_bH695e
_222
100 1 _aHoetink, H.,
_d1931-2005
_eautor
_4aut.
_937205
245 1 0 _aEnsayos caribeños /
_cHanry Hoetink ; cuidado de edición, José Chez Checo ; presentación, Frank Moya Pons.
250 _aPrimera edición
264 4 _aSanto Domingo :
_bEditora Academia Dominicana de la Historia,
_c2006.
300 _a121 páginas :
_bilustraciones ;
_c23 cm.
336 _atexto
_btxt
_2rdacontent
337 _asin mediación
_bn
_2rdamedia
338 _avolumen
_bnc
_2rdacarrier
490 0 _aAcademia Dominicana de la Historia ;
_v74
500 _aIncluye datos biográficos del autor en la solapa de la cubierta.
500 _aIncluye referencias bibliográficas y notas al pie de las páginas.
590 _aInventariado, 2024/BT
600 1 0 _aHoetink, Harmannus,
_d1931-2005
_vBibliografías
_986863
650 4 _aEtnicidad
_zBrasil
_922922
_2LEMB
_vEnsayos, conferencias, etc.
651 4 _aRepública Dominicana
_xCondiciones sociales
_xHistoria
_ySiglo XX
_922923
_vEnsayos, conferencias, etc.
_2LEMB
651 0 _aCaribe (Región)
_xHistoria
_ySiglo XX
_987401
_vEnsayos, conferencias, etc.
700 1 _aChez Checo, José,
_d1949-
_ecuidado edición
_910145
910 _aValidado. Control de calidad MFF
942 _2ddc
_cLBS1
999 _c8322
_d8322